| 000 | 01270nam a2200289 i 4500 | ||
|---|---|---|---|
| 001 | 48294 | ||
| 003 | ES-MaACL | ||
| 005 | 20251013210602.0 | ||
| 007 | t| | ||
| 008 | 950712s1841 fr |||| |dfre d | ||
| 040 |
_aCAM _bspa _cCAM |
||
| 245 | 0 | 0 |
_aChoix de moralistes français _b: avec notices biographiques / _cpar J.A.C. Buchon... |
| 260 |
_aParis : _bA. Desrez, _c1841. |
||
| 300 |
_aLII, 784 p. ; _c26 cm. |
||
| 490 | 1 |
_aPanthéon littéraire. _aLittérature francaise. _aPhilosophie |
|
| 505 | 8 |
_aContiene: ; _tDe la sagesse / _rPierre Charron. -- _tPensées / _rBlaise Pascal. -- _tSentences et maximes / _rLa Rochefoucauld. -- _tDes caractères de ce siècle / _rLa Bruyère. -- _tOeuvres / _rVauvenargues |
|
| 650 | 0 | 4 |
_aÉtica- _vMáximas y aforismos. _912582 |
| 700 | 1 |
_aBuchon, Jean-Alexandre. _9126221 |
|
| 700 | 1 |
_aCharron, Pierre. _938134 |
|
| 700 | 1 |
_aPascal, Blaise, _d1623-1662 _989307 |
|
| 700 | 1 |
_aLa Rochefoucauld, François, _cduc de _9138636 |
|
| 700 | 1 |
_aVauvenargues, Luc de Clapiers, _cmarquis de ( _d1715-1747) _9113330 |
|
| 700 | 1 |
_aLa Bruyère, Jean de, _d1645-1696 _969137 |
|
| 830 | 0 |
_aPanthéon littéraire. _aLittérature francaise. _aPhilosophie _9222004 |
|
| 852 |
_aES-MaACL _jG-13585 |
||
| 999 |
_c48294 _d48294 |
||